<?xml version="1.0" encoding="UTF-8"?><?xml-stylesheet type="text/xsl" href="static/style.xsl"?><OAI-PMH xmlns="http://www.openarchives.org/OAI/2.0/" xmlns:xsi="http://www.w3.org/2001/XMLSchema-instance" xsi:schemaLocation="http://www.openarchives.org/OAI/2.0/ http://www.openarchives.org/OAI/2.0/OAI-PMH.xsd"><responseDate>2026-04-13T13:30:19Z</responseDate><request verb="GetRecord" identifier="oai:www.recercat.cat:10256/14079" metadataPrefix="marc">https://recercat.cat/oai/request</request><GetRecord><record><header><identifier>oai:recercat.cat:10256/14079</identifier><datestamp>2025-09-05T23:18:51Z</datestamp><setSpec>com_2072_452955</setSpec><setSpec>com_2072_2054</setSpec><setSpec>col_2072_452959</setSpec><setSpec>col_2072_453077</setSpec></header><metadata><record xmlns="http://www.loc.gov/MARC21/slim" xmlns:dcterms="http://purl.org/dc/terms/" xmlns:xsi="http://www.w3.org/2001/XMLSchema-instance" xmlns:doc="http://www.lyncode.com/xoai" xsi:schemaLocation="http://www.loc.gov/MARC21/slim http://www.loc.gov/standards/marcxml/schema/MARC21slim.xsd">
   <leader>00925njm 22002777a 4500</leader>
   <datafield ind2=" " ind1=" " tag="042">
      <subfield code="a">dc</subfield>
   </datafield>
   <datafield ind2=" " ind1=" " tag="720">
      <subfield code="a">Proia, Lorenzo</subfield>
      <subfield code="e">author</subfield>
   </datafield>
   <datafield ind2=" " ind1=" " tag="720">
      <subfield code="a">von Schiller, Daniel</subfield>
      <subfield code="e">author</subfield>
   </datafield>
   <datafield ind2=" " ind1=" " tag="720">
      <subfield code="a">Gutiérrez Provecho, Carmen</subfield>
      <subfield code="e">author</subfield>
   </datafield>
   <datafield ind2=" " ind1=" " tag="720">
      <subfield code="a">Casas Ruiz, Joan Pere</subfield>
      <subfield code="e">author</subfield>
   </datafield>
   <datafield ind2=" " ind1=" " tag="720">
      <subfield code="a">Gómez Gener, Lluís</subfield>
      <subfield code="e">author</subfield>
   </datafield>
   <datafield ind2=" " ind1=" " tag="720">
      <subfield code="a">Marcé Romero, Rafael</subfield>
      <subfield code="e">author</subfield>
   </datafield>
   <datafield ind2=" " ind1=" " tag="720">
      <subfield code="a">Obrador, Biel</subfield>
      <subfield code="e">author</subfield>
   </datafield>
   <datafield ind2=" " ind1=" " tag="720">
      <subfield code="a">Acuña i Salazar, Vicenç</subfield>
      <subfield code="e">author</subfield>
   </datafield>
   <datafield ind2=" " ind1=" " tag="720">
      <subfield code="a">Sabater, Sergi</subfield>
      <subfield code="e">author</subfield>
   </datafield>
   <datafield ind2=" " ind1=" " tag="260">
      <subfield code="c">info:eu-repo/date/embargoEnd/2026-01-01</subfield>
   </datafield>
   <datafield ind2=" " ind1=" " tag="260">
      <subfield code="c">2016-12</subfield>
   </datafield>
   <datafield ind2=" " ind1=" " tag="520">
      <subfield code="a">The hydrological continuum in rivers can be altered by the presence of small dams that modify the water residence time (WRT) and prevailing habitat, turning lotic river sections into lentic ones and influencing downstream reaches. The structure and activity of the microbial community occurring in the benthic and planktonic compartments can be modified by these small dams. We studied the microbial community processing of organic C along a sequence of 4 lentic-lotic sections in a medium-size Mediterranean river during base flow (spring) and low flow (summer). We hypothesized that longitudinal anomalies in WRT would influence the relative contribution of benthic vs planktonic compartments and their relevance in C processing along the river network, particularly during low flows. The biomass of free-living and particle-associated bacterioplankton was higher in the lentic sections, which had longer WRT, resulting in higher organic C processing (enzymatic activities and respiration). Microbial aggregates occurred in the lentic sections especially during the low-flow period and resulted in hotspots of organic C processing. The lotic reaches received a significant contribution of C in the form of bacterio- and phytoplankton. The small dams subsidized the lotic sections downstream and increased their respiration activity. Our results reveal the influence of small dams on organic C processing along the river network. Accounting for their effect, together with that of large dams, may be essential for accurate estimations of organicmatter transformation in river networks</subfield>
   </datafield>
   <datafield ind2=" " ind1=" " tag="520">
      <subfield code="a">This study was funded by the projects of the Spanish Ministry of Economy and Competitiveness CARBONET (CGL2011-30474-C02-01) and FUNSTREAM (CGL2014-58760-C3-3-R)</subfield>
   </datafield>
   <datafield tag="653" ind2=" " ind1=" ">
      <subfield code="a">Ecologia microbiana</subfield>
   </datafield>
   <datafield tag="653" ind2=" " ind1=" ">
      <subfield code="a">Microbial ecology</subfield>
   </datafield>
   <datafield ind2="0" ind1="0" tag="245">
      <subfield code="a">Microbial carbon processing along a river discontinuum</subfield>
   </datafield>
</record></metadata></record></GetRecord></OAI-PMH>